Un acercamiento monográfico a la conservación de revestimientos cerámicos in situ (Record no. 7840)
[ view plain ]
| 000 -CABECERA | |
|---|---|
| campo de control de longitud fija | 00792nam a2200205 a 4500 |
| 001 - NÚMERO DE CONTROL | |
| campo de control | BRCA_8172 |
| 005 - FECHA Y HORA DE LA ÚLTIMA TRANSACCIÓN | |
| campo de control | 20190320210148.0 |
| 008 - DATOS DE LONGITUD FIJA--INFORMACIÓN GENERAL | |
| campo de control de longitud fija | 070514s2006----mx-a######---#000-0#spa-# |
| 041 ## - CÓDIGO DE LENGUA | |
| Código de lengua del texto/banda sonora o título independiente | spa |
| 044 ## - CÓDIGO DEL PAÍS DE LA ENTIDAD EDITORA/PRODUCTORA | |
| Código MARC del país | mx |
| 050 #4 - SIGNATURA TOPOGRÁFICA DE LA BIBLIOTECA DEL CONGRESO | |
| Número de clasificación | N8556.4 |
| Número de documento/Ítem | .S25 2006 |
| 100 1# - ENTRADA PRINCIPAL--NOMBRE DE PERSONA | |
| Nombre de persona | Salmón Villafuerte, Marta |
| 9 (RLIN) | 20370 |
| 245 10 - MENCIÓN DE TÍTULO | |
| Título | Un acercamiento monográfico a la conservación de revestimientos cerámicos in situ |
| Resto del título | la mayólica colonial mexicana |
| Mención de responsabilidad, etc. | Marta Salmón Villafuerte. |
| 260 ## - PUBLICACIÓN, DISTRIBUCIÓN, ETC. | |
| Lugar de publicación, distribución, etc. | Ciudad de México |
| Fecha de publicación, distribución, etc. | 2006 |
| 300 ## - DESCRIPCIÓN FÍSICA | |
| Extensión | 178 p. |
| Otras características físicas | il. (algunas a color) |
| Dimensiones | 28 cm. |
| 502 ## - NOTA DE TESIS | |
| Nota de tesis | Tesis Licenciatura (Licenciada en Restauración de Bienes Muebles) Escuela Nacional de Conservación, Restauración y Museografía ´Manuel del Castillo Negrete´ |
| 650 14 - PUNTO DE ACCESO ADICIONAL DE MATERIA--TÉRMINO DE MATERIA | |
| Término de materia o nombre geográfico como elemento de entrada | Cerámica |
| 9 (RLIN) | 1200 |
| 902 ## - CATALOGADOR | |
| Iniciales | TES |
| 942 ## - ELEMENTOS DE PUNTO DE ACCESO ADICIONAL (KOHA) | |
| Fuente del sistema de clasificación o colocación | Library of Congress Classification |
| Tipo de ítem Koha | Tesis |
| Estado de retiro | Estado de pérdida | Estado dañado | No para préstamo | Localización permanente | Ubicación/localización actual | Fecha de adquisición | Total de préstamos | Signatura topográfica completa | Código de barras | Fecha visto por última vez | Precio válido a partir de | Tipo de ítem Koha |
|---|---|---|---|---|---|---|---|---|---|---|---|---|
| El ejemplar forma parte de la colección y puede ser consultado según las políticas vigentes. | Biblioteca del Museo Franz Mayer (Rogerio Casas-Alatriste) | Biblioteca del Museo Franz Mayer (Rogerio Casas-Alatriste) | 07/05/2014 | N8556.4 .S25 2006 | TES00056 | 22/03/2019 | 22/03/2019 | Tesis |